000 00464cam a22001217a 4500
008 180718b1919 xxu||||| |||| 00| 0 eng d
082 _aI9x54 G346
100 _aGhsoh, Nagendranath
245 _aComparative administrative, law with special reference of the organisation and legal position of the administrative authorities in British India
_cby Nagendranath Ghosh
260 _aCalcutta
_bButterworth
_c1919
300 _a704p.
440 _aTagore law lectures, 1918
999 _c479446
_d479446